| 000 | 01413cam a2200349 i 4500 | ||
|---|---|---|---|
| 001 | 14771930 | ||
| 003 | EG-ScBUE | ||
| 005 | 20250121090656.0 | ||
| 008 | 070316t2007 nyua f b 001 0 eng d | ||
| 020 | _a0071479449 (pbk. : alk. paper) | ||
| 020 | _a9780071479448 (pbk. : alk. paper) | ||
| 035 | _a(OCoLC)ocm86090545 | ||
| 035 | _a(OCoLC)86090545 | ||
| 040 |
_aDLC _beng _erda _cDLC _dYDX _dBAKER _dBTCTA _dYDXCP _dJED _dDLC _dEG-ScBUE |
||
| 082 | 0 | 4 |
_a530 _222 _bGIB |
| 100 | 1 |
_aGibilisco, Stan, _eauthor. _95495 |
|
| 245 | 1 | 0 |
_aAdvanced physics demystified / _cStan Gibilisco. |
| 264 | 1 |
_aNew York : _bMcGraw-Hill, _c[2007] |
|
| 264 | 4 | _cc2007 | |
| 300 |
_axii, 354 pages : _billustrations ; _c24 cm |
||
| 336 |
_2rdacontent _atext _btxt |
||
| 337 |
_aunmediated _2rdamedia _bn |
||
| 338 |
_avolume _bnc _2rdacarrier |
||
| 504 | _aIncludes bibliographical references and index. | ||
| 650 | 7 |
_aPhysics _vPopular works. _2BUEsh _95497 |
|
| 655 | _vReading book | ||
| 856 | 4 | 1 |
_3Table of contents only _uhttp://www.loc.gov/catdir/toc/ecip0713/2007011393.html |
| 856 | 4 | 2 |
_3Publisher description _uhttp://www.loc.gov/catdir/enhancements/fy0713/2007011393-d.html |
| 856 | 4 | 2 |
_3Contributor biographical information _uhttp://www.loc.gov/catdir/enhancements/fy0713/2007011393-b.html |
| 942 |
_2ddc _cBB |
||
| 999 |
_c11662 _d11662 |
||